000 00577nam a2200205Ia 4500
005 20250508162616.0
008 008 250505s9999 xx 000 0 eng d
020 _a0-7100-1959-3
037 _aTextual
040 _aFEDL
_beng
_cFEDL
041 _aeng
_2eng
084 _a370.19, MAD
_qFEDL
100 _aSarup Madan
245 0 _aEducation, state and crisis : A marxist perspective
260 _aLondon, UK
_bRoutledge and Kegan Paul
_c1982
300 _axiii,136p.
650 _aEducation
942 _cTEXL
_h370.19, MAD
999 _c1377615
_d1377615